00482 2200193 4500001002100000005001500021008004100036020001800077035001900095041000700114082000800121090001400129100001900143245003200162260004000194300002900234500001000263650001500273INLIS00000000000192920241224112437241224||||||||| | ||| |||| || |  a979-534-282-7 0010-1224001929 aid0 a507 a507 WOO j0 aChris Woodford00aJejak Sejarah Sains Listrik bThe Brown Reference Group plcc2006 a40 hlm. : ilus, ; 23 cm. aCet.1 0aIlmu Murni